| 000 | 01272cab a2200193 4500 | ||
|---|---|---|---|
| 001 | L130786 | ||
| 008 | 050830n2005 000 0 eng u | ||
| 035 | _a(Sirsi) u130786 | ||
| 041 | _aeng | ||
| 100 | 1 | _aJansen, Mark | |
| 245 | 0 | 0 | _aDesign and protect |
| 260 | _c2005 | ||
| 490 | 0 |
_aProperty Week _v70(34) 26 August 2005, 67-68(2) |
|
| 520 | _aExamines changes that could be made to building design in light of the recent terrorist attacks on London and New York. One possible change due to the events of 9/11 is the widening of staircases to allow staff to be evacuated down and firefighters to make their way to where they are required. Includes details of additions costs incurred and losses in rental revenue due to these changes. This consultation on Part B of the Building Regulations runs until 18 November 2005. However it is voiced that in the UK tall buildings have special lifts built exclusively for firefighters. Also discusses changes in fire testing of materials, different methods that could be employed to strengthen a building should it be attacked and entry-control systems. | ||
| 590 | _aIKA300805 | ||
| 650 | 2 | 4 | _aBUILDING REGULATIONS 2000 APPROVED DOCUMENT B (2002 EDITION) |
| 690 | _aMANAGEMENT-HEALTH AND SAFETY-FIRE SAFETY | ||
| 942 | _n0 | ||
| 999 |
_c75791 _d75791 |
||